[Event "Lugano op 23rd"]
[Site "Lugano"]
[Date "2024.11.02"]
[Round "2"]
[White "Euringer, Peter"]
[Black "Zinnai, Graziano Matteo"]
[Result "0-1"]
[WhiteElo "1820"]
[BlackElo "2098"]
[PlyCount "52"]
[EventDate "2024.11.01"]
[EventType "swiss"]
[EventRounds "5"]
[EventCountry "SUI"]
[SourceTitle "CB45_2024"]
[Source "ChessBase"]
[SourceDate "2024.11.06"]
[SourceVersion "1"]
[SourceVersionDate "2024.11.06"]
[SourceQuality "1"]

1. d4 Nf6 2. c4 e6 3. Nc3 d5 4. Nf3 Be7 5. h3 0-0 6. Bf4 b6 7. e3 Bb7 8. Rc1 c5 9. cxd5 Nxd5 10. Nxd5 Bxd5 11. a3 Nc6 12. Be2 cxd4 13. exd4 Bd6 14. Bg5 f6 15. Be3 Rc8 16. 0-0 Qe7 17. Nd2 Rfd8 18. Ba6 Rc7 19. Qh5 g6 20. Qh4 g5 21. Qg4 h6 22. f4 f5 23. Qh5 gxf4 24. Bxf4 Qg7 25. g3 Bxf4 26. Rxf4 Qxg3+ 0-1

[Event "Mendrisio Swiss Lake op"]
[Site "Mendrisio"]
[Date "2024.09.07"]
[Round "3"]
[White "Zinnai, Graziano Matteo"]
[Black "Pellegrini, Noah"]
[Result "1-0"]
[WhiteElo "2088"]
[BlackElo "1888"]
[PlyCount "92"]
[EventDate "2024.09.06"]
[EventType "swiss"]
[EventRounds "5"]
[EventCountry "SUI"]
[SourceTitle "EXT 2025"]
[Source "ChessBase"]
[SourceDate "2024.10.14"]
[SourceVersion "1"]
[SourceVersionDate "2024.10.14"]
[SourceQuality "1"]

1. d4 e6 2. c4 b6 3. e3 Bb7 4. Nc3 Nf6 5. Nge2 Be7 6. Ng3 d5 7. cxd5 exd5 8. Bd3 Nbd7 9. 0-0 0-0 10. f3 c5 11. Nce2 Rc8 12. Bd2 Bd6 13. Be1 Re8 14. Qd2 cxd4 15. exd4 Nf8 16. Nf5 Bb8 17. Bg3 Bxg3 18. Nexg3 Ng6 19. Rfe1 Qc7 20. Qg5 Qf4 21. Qxf4 Nxf4 22. Ne7+ Kf8 23. Nxc8 Rxe1+ 24. Rxe1 Nxd3 25. Re3 Nxb2 26. Nxa7 Nc4 27. Re1 g6 28. Nb5 Ne8 29. Nf1 Bc6 30. Nc3 Nc7 31. Ne3 Nd6 32. Rc1 Ne6 33. Nexd5 Nxd4 34. Rd1 N6b5 35. Nxb6 Nxc3 36. Ra1 Ke7 37. Kf2 Kd6 38. Nc4+ Kc5 39. Ne5 Be8 40. Rc1 Nde2 41. Rc2 Kd4 42. Nc4 Nf4 43. Nd6 Ba4 44. Rxc3 Kxc3 45. Nxf7 Kb2 46. Ng5 h5 1-0

[Event "Titled Tuesday intern op 27th Aug Early"]
[Site "Chess.com INT"]
[Date "2024.08.27"]
[Round "5"]
[White "Krzywda, Andrzej"]
[Black "Zinnai, Graziano Matteo"]
[Result "1-0"]
[WhiteElo "2208"]
[BlackElo "2088"]
[PlyCount "77"]
[EventDate "2024.08.27"]
[EventType "swiss (blitz)"]
[EventRounds "11"]
[EventCountry "USA"]
[SourceTitle "EXT 2025"]
[Source "ChessBase"]
[SourceDate "2024.10.14"]
[SourceVersion "1"]
[SourceVersionDate "2024.10.14"]
[SourceQuality "1"]

1. e4 c6 2. d4 d5 3. e5 Bf5 4. h4 h5 5. Bd3 Bxd3 6. Qxd3 Qa5+ 7. Nd2 e6 8. Ngf3 Qa6 9. c4 Ne7 10. 0-0 Nf5 11. b3 Be7 12. a4 Nd7 13. Ba3 Bxa3 14. Rxa3 c5 15. Qb1 dxc4 16. Nxc4 cxd4 17. Rd1 0-0 18. Nxd4 Nxd4 19. Rxd4 Rfd8 20. Qd1 Qc6 21. Rd6 Qc7 22. Qxh5 Nb6 23. Nxb6 axb6 24. Qd1 Rxd6 25. exd6 Qc6 26. b4 Rd8 27. Rd3 Qc4 28. Rd4 Qc3 29. d7 Qc7 30. h5 Kf8 31. Qd2 f6 32. h6 g5 33. h7 Kg7 34. Qd3 f5 35. Qh3 Rh8 36. Qh5 Qd8 37. Qe2 Rxh7 38. Qxe6 Kh8 39. Qe8+ 1-0

[Event "Titled Tuesday intern op 27th Aug Early"]
[Site "Chess.com INT"]
[Date "2024.08.27"]
[Round "2"]
[White "Slade, Theodore"]
[Black "Zinnai, Graziano Matteo"]
[Result "1-0"]
[WhiteElo "2063"]
[BlackElo "2088"]
[PlyCount "149"]
[EventDate "2024.08.27"]
[EventType "swiss (blitz)"]
[EventRounds "11"]
[EventCountry "USA"]
[SourceTitle "EXT 2025"]
[Source "ChessBase"]
[SourceDate "2024.10.14"]
[SourceVersion "1"]
[SourceVersionDate "2024.10.14"]
[SourceQuality "1"]

1. d4 d5 2. c4 e6 3. Nf3 Nf6 4. g3 Be7 5. Bg2 0-0 6. 0-0 dxc4 7. Qc2 a6 8. a4 Nc6 9. Qxc4 Bd7 10. Bg5 Ne4 11. Bf4 Bd6 12. Qd3 Bxf4 13. gxf4 Nd6 14. Nc3 Nb4 15. Qd1 Bc6 16. e3 a5 17. Qe2 Qf6 18. h3 Qg6 19. Kh2 Qd3 20. Qxd3 Nxd3 21. b3 Rfd8 22. Ne5 Bxg2 23. Kxg2 Nb4 24. Rac1 f6 25. Nf3 c6 26. Rfd1 Rd7 27. Nd2 Rad8 28. Nc4 Nxc4 29. bxc4 Kf7 30. Ne4 h6 31. c5 Nd5 32. Nd6+ Kf8 33. Rd2 Nb4 34. Kf3 Ke7 35. Nc4 Kf7 36. Nxa5 Ra8 37. Rb1 Rxa5 38. Rxb4 e5 39. fxe5 fxe5 40. Rdb2 exd4 41. exd4 Kf6 42. Ke4 Re7+ 43. Kd3 Ra7 44. Re2 Rxe2 45. Kxe2 Ke6 46. Kd3 Kd5 47. f4 g6 48. h4 h5 49. Ke3 Ra5 50. Rxb7 Rxa4 51. Rd7+ Kc4 52. Rd6 Ra3+ 53. Ke4 Kb5 54. Rxg6 Rh3 55. Rg8 Rxh4 56. Rb8+ Kc4 57. Rb6 Rh1 58. Rxc6 Re1+ 59. Kf5 Kxd4 60. Kg5 Kd5 61. Rc8 Rh1 62. Rh8 Kxc5 63. Rxh5 Rg1+ 64. Kf6+ Kd6 65. f5 Kd7 66. Kf7 Kd8 67. f6 Kd7 68. Rd5+ Kc6 69. Rd2 Rf1 70. Ke7 Re1+ 71. Kf8 Rf1 72. f7 Kc7 73. Rg2 Kd7 74. Kg8 Ke7 75. Re2+ 1-0

[Event "Titled Tuesday intern op 20th Aug Early"]
[Site "Chess.com INT"]
[Date "2024.08.20"]
[Round "3"]
[White "Harriott, Tyrell"]
[Black "Zinnai, Graziano Matteo"]
[Result "0-1"]
[WhiteElo "1924"]
[BlackElo "2088"]
[PlyCount "52"]
[EventDate "2024.08.20"]
[EventType "swiss (blitz)"]
[EventRounds "11"]
[EventCountry "USA"]
[SourceTitle "EXT 2025"]
[Source "ChessBase"]
[SourceDate "2024.10.14"]
[SourceVersion "1"]
[SourceVersionDate "2024.10.14"]
[SourceQuality "1"]

1. d4 d5 2. e3 Nf6 3. Bd3 e6 4. f4 Be7 5. Nf3 0-0 6. 0-0 b6 7. Nbd2 Bb7 8. Ne5 Nbd7 9. Qf3 c5 10. c3 Rc8 11. g4 Nxe5 12. fxe5 Nd7 13. Qh3 g6 14. Nf3 a6 15. Qh6 Qe8 16. Ng5 Bxg5 17. Qxg5 f6 18. exf6 e5 19. e4 exd4 20. exd5 Qe5 21. d6 c4 22. Bf5 Qd5 23. Kf2 Qf3+ 24. Ke1 Rce8+ 25. Be3 Rxe3+ 26. Kd2 Re2+ 0-1

[Event "Titled Tuesday intern op 20th Aug Early"]
[Site "Chess.com INT"]
[Date "2024.08.20"]
[Round "8"]
[White "Zinnai, Graziano Matteo"]
[Black "Belov, Alexei"]
[Result "1-0"]
[WhiteElo "2088"]
[BlackElo "2421"]
[PlyCount "41"]
[EventDate "2024.08.20"]
[EventType "swiss (blitz)"]
[EventRounds "11"]
[EventCountry "USA"]
[SourceTitle "EXT 2025"]
[Source "ChessBase"]
[SourceDate "2024.10.14"]
[SourceVersion "1"]
[SourceVersionDate "2024.10.14"]
[SourceQuality "1"]

1. d4 d5 2. c4 e6 3. Nc3 Be7 4. cxd5 exd5 5. Bf4 c6 6. e3 Bf5 7. Bd3 Bxd3 8. Qxd3 Nf6 9. Nge2 Nbd7 10. 0-0 0-0 11. h3 Re8 12. f3 Nf8 13. e4 Ne6 14. Be3 g6 15. e5 Nd7 16. f4 Ng7 17. Ng3 f5 18. exf6 Nxf6 19. f5 gxf5 20. Nxf5 Bf8 21. Nh6+ 1-0

[Event "Titled Tuesday intern op 20th Aug Early"]
[Site "Chess.com INT"]
[Date "2024.08.20"]
[Round "5"]
[White "Zinnai, Graziano Matteo"]
[Black "Emeliantsev, Anatoliy"]
[Result "1-0"]
[WhiteElo "2088"]
[BlackElo "2359"]
[PlyCount "71"]
[EventDate "2024.08.20"]
[EventType "swiss (blitz)"]
[EventRounds "11"]
[EventCountry "USA"]
[SourceTitle "EXT 2025"]
[Source "ChessBase"]
[SourceDate "2024.10.14"]
[SourceVersion "1"]
[SourceVersionDate "2024.10.14"]
[SourceQuality "1"]

1. d4 Nf6 2. c4 g6 3. Nc3 Bg7 4. e4 0-0 5. f3 d6 6. Be3 Nc6 7. Nge2 a6 8. Qd2 Rb8 9. Rc1 Bd7 10. d5 Na5 11. Nd4 c5 12. dxc6 Nxc6 13. Be2 Nxd4 14. Bxd4 b5 15. cxb5 axb5 16. b4 e5 17. Be3 Be6 18. Nxb5 d5 19. Bc5 Re8 20. Nd6 Re7 21. 0-0 Rd7 22. exd5 Rxd6 23. Bxd6 Qxd6 24. Rc5 Nxd5 25. Rd1 Qb6 26. a3 Nf4 27. Kh1 h5 28. Bc4 Bxc4 29. Rxc4 h4 30. Qd7 h3 31. Rxf4 hxg2+ 32. Kxg2 exf4 33. Re1 Kh7 34. Qxf7 Rf8 35. Qd7 Rf5 36. h4 1-0